00956nam a2200265 i 450000100060000000300090000600500170001500800390003201500160007104000480008704600090013508000160014410000330016024501260019326000460031930000210036538000170038638800100040365000250041365800370043870000440047570000410051971000320056085600980059212373KOSZ 00520200124075301.0071118s1965 pl f 000 0 pol aPB 1966/415 aWA NcKOSZ 005/IDdKOSZ 005/IDdKOSZ 005/HR k1965 a351.79(438)1 aTarasiewicz, Wacław.eAutor10aPrawo wodne :bkomentarz, przepisy wykonawcze i związkowe /cWacław Tarasiewicz, Stanisław Surowiec, Zygmunt Rybicki. aWarszawa :bWydawnictwo Prawnicze,c1965. a292 s. ;c23 cm. aKsiążki. a1901- 4aPrawo wodnezPolska. aPrawo i wymiar sprawiedliwości1 aSurowiec, Stanisławc(prawnik).eAutor1 aRybicki, Zygmuntd(1925-1989)eAutor2 aWydawnictwo Prawnicze4pbl. uhttp://koha.tu.koszalin.pl/cgi-bin/koha/opac-detail.pl?biblionumber=12373yKatalog online BPK